01146nam a2200289 a 4500001001100000003000800011006001900019007001500038008004100053010001700094020003600111040002100147035002000168050002600188082001200214100003100226245007800257260005300335300001600388504006700404533015200471650003600623650002600659655002900685710001700714856012500731ebr5002694CaPaEBRm u cr cn|||||||||990804s2000 nbu sb 001 0 eng  z 99043624  z0803227450 (cloth : alk. paper) aCaPaEBRcCaPaEBR a(OCoLC)7075338514aPN171.M93bK45 2000eb04a8092211 aKellman, Steven G.,d1947-14aThe translingual imaginationh[electronic resource] /cSteven G. Kellman. aLincoln :bUniversity of Nebraska Press,cc2000. axii, 134 p. aIncludes bibliographical references (p. [119]-125 ) and index. aElectronic reproduction.bPalo Alto, Calif. :cebrary,d2013.nAvailable via World Wide Web.nAccess may be limited to ebrary affiliated libraries. 0aMultilingualism and literature. 0aLanguage and culture. 7aElectronic books.2local2 aebrary, Inc.40uhttp://site.ebrary.com/lib/rucke/Doc?id=5002694zAn electronic book accessible through the World Wide Web; click to view